[Event "53rd Groningen Open 2015"]
[Site "Groningen NED"]
[Date "2015.12.21"]
[Round "1.24"]
[White "Liu, Yi"]
[Black "Bhattacharjee, Sourav"]
[Result "1-0"]
[WhiteTitle "FM"]
[WhiteElo "2306"]
[BlackElo "2067"]
[WhiteFideId "3210588"]
[BlackFideId "1048090"]
[EventDate "2015.12.21"]

1. d4 Nf6 2. Nf3 c5 3. e3 g6 4. c4 Bg7 5. Nc3 O-O 6. Be2 d6 7. O-O Nc6 8. d5 Nb8
9. e4 Nbd7 10. Bf4 Ng4 11. Nd2 Nge5 12. Bg3 g5 13. Re1 Ng6 14. Nf1 Nde5 15. Ne3
f5 16. Nxf5 Bxf5 17. exf5 Rxf5 18. Bg4 Nxg4 19. Qxg4 Qf8 20. Re6 Bxc3 21. bxc3
Qf7 22. Rae1 Rf8 23. h4 Rxf2 24. h5 Rf1+ 25. Kh2 Ne5 26. Qxg5+ Qg7 27. Qxg7+
Kxg7 28. Bxe5+ dxe5 29. Rxe7+ R8f7 30. R1xe5 1-0

[Event "53rd Groningen Open 2015"]
[Site "Groningen NED"]
[Date "2015.12.21"]
[Round "1.25"]
[White "Schweitzer, Werner"]
[Black "Schoppen, Casper"]
[Result "0-1"]
[WhiteElo "2067"]
[BlackElo "2305"]
[WhiteFideId "1622927"]
[BlackFideId "1046730"]
[EventDate "2015.12.21"]

1. g3 Nf6 2. Bg2 g6 3. d3 Bg7 4. Nf3 O-O 5. O-O d6 6. c4 e5 7. Nc3 Nc6 8. Bg5 h6
9. Bd2 Kh7 10. a3 a5 11. Rb1 Bg4 12. h3 Be6 13. e4 Nd4 14. Nd5 Nxf3+ 15. Qxf3
Nd7 16. Qe2 c6 17. Ne3 f5 18. exf5 gxf5 19. f4 exf4 20. Rxf4 Be5 21. Rh4 Rf6 22.
Nf1 Rg6 23. d4 Bg7 24. Qd3 Qg8 25. Kh2 Rf8 26. b3 a4 27. Be1 axb3 28. Qxb3 Bxc4
29. Qc2 Ba6 30. Ne3 Qe6 31. Qd2 Nf6 32. d5 cxd5 33. Nxd5 Nxd5 34. Bxd5 Qd7 35.
Rhb4 Re8 36. Bg2 Rge6 37. Rb6 Re2 38. Qb4 R8e4 39. Qa5 f4 40. Qd5 f3 41. Bf2 Bc4
42. Qxe4+ Rxe4 43. Bxf3 Re5 44. Rxb7 Qf5 45. Kg2 Bd5 0-1

[Event "53rd Groningen Open 2015"]
[Site "Groningen NED"]
[Date "2015.12.21"]
[Round "1.26"]
[White "Pajeken, Wolfgang"]
[Black "Willemsma, Abe"]
[Result "1/2-1/2"]
[WhiteTitle "FM"]
[WhiteElo "2304"]
[BlackElo "2067"]
[WhiteFideId "4622170"]
[BlackFideId "1011561"]
[EventDate "2015.12.21"]

1. d4 e6 2. g3 d5 3. Nf3 Nf6 4. c4 dxc4 5. Bg2 Bd7 6. Ne5 Bc6 7. Nxc6 Nxc6 8.
Qa4 Bb4+ 9. Bd2 Nd5 10. O-O Qd6 11. Rd1 O-O 12. Bxb4 Qxb4 13. Qxb4 Ndxb4 14. Na3
Rad8 15. e3 Na5 16. Bf1 c6 17. Nxc4 Nxc4 18. Bxc4 Rd6 19. Rdc1 Rfd8 20. a3 Nd5
21. b4 a6 22. Rcb1 Kf8 23. Kg2 f6 24. Rb3 g6 25. h4 Nb6 26. Be2 Nd7 27. a4 e5
28. b5 cxb5 29. dxe5 fxe5 30. axb5 a5 31. b6 Rxb6 32. Rxb6 Nxb6 33. Rb1 Rd6 34.
Bf3 Ke7 35. Rb5 Nd7 36. Rxa5 b6 37. Ra7 h5 38. Be2 Kf6 39. Bb5 Ke6 40. Rb7 Nf6
41. Kf3 e4+ 42. Kf4 Nd5+ 43. Kg5 Nxe3 44. Bd7+ Rxd7 45. Rxb6+ Ke5 46. fxe3 Rf7
47. Kxg6 Rf3 48. Rb5+ Ke6 49. Rg5 Rxe3 50. Kxh5 Rf3 51. Kg4 Rf1 52. Ra5 Kf6 53.
Ra8 Ke5 54. h5 e3 55. h6 Rh1 56. Kg5 Ke4 57. Kg6 Kf3 58. Re8 Rg1 59. h7 Rxg3+
60. Kf5 Rh3 61. h8=Q Rxh8 62. Rxh8 e2 63. Rh3+ Kg2 64. Re3 Kf2 65. Kf4 e1=Q 66.
Rxe1 Kxe1 1/2-1/2

[Event "53rd Groningen Open 2015"]
[Site "Groningen NED"]
[Date "2015.12.21"]
[Round "1.28"]
[White "Chen, Pengyu"]
[Black "Henseler, Jorgen"]
[Result "1-0"]
[WhiteTitle "FM"]
[WhiteElo "2289"]
[BlackElo "2044"]
[WhiteFideId "3212092"]
[BlackFideId "1023233"]
[EventDate "2015.12.21"]

1. e4 e5 2. Nf3 Nc6 3. Bc4 Nf6 4. d3 Be7 5. Bb3 O-O 6. O-O d6 7. c3 Bg4 8. h3
Bh5 9. Nbd2 Qd7 10. Re1 Nd8 11. Nf1 Ne6 12. Ng3 Bxf3 13. Qxf3 h6 14. Nf5 Ng5 15.
Qe3 Rfe8 16. h4 Ne6 17. Qg3 g6 18. Nxh6+ Kf8 19. Qf3 Kg7 20. Ng4 Rh8 21. g3 Rh5
22. Be3 Rah8 23. Kf1 a5 24. a4 Nxg4 25. Qxg4 f5 26. exf5 Rxf5 27. Kg1 d5 28. Re2
c6 29. Rae1 Rhf8 30. f4 Nc5 31. Bc2 e4 32. Bd4+ Kh7 33. dxe4 Nxe4 34. Bxe4 dxe4
35. Rxe4 Bd6 36. Re6 1-0

[Event "53rd Groningen Open 2015"]
[Site "Groningen NED"]
[Date "2015.12.21"]
[Round "1.29"]
[White "Bianco, Valerio"]
[Black "Van Osch, Mees"]
[Result "1-0"]
[WhiteElo "2035"]
[BlackElo "2289"]
[WhiteFideId "800600"]
[BlackFideId "1035967"]
[EventDate "2015.12.21"]

1. d4 d6 2. Nf3 Nf6 3. c4 g6 4. Nc3 Bg7 5. e4 O-O 6. Be2 e5 7. O-O exd4 8. Nxd4
Re8 9. f3 c6 10. Rb1 d5 11. cxd5 cxd5 12. Bb5 Bd7 13. exd5 Bxb5 14. Ndxb5 a6 15.
Na3 b5 16. b4 Nbd7 17. Nc2 Rc8 18. Rb3 Nb6 19. Ne3 Re5 20. f4 Re7 21. Qf3 Qc7
22. Rd1 Rd8 23. Kh1 Red7 24. Bb2 Nc4 25. Nxc4 Qxc4 26. h3 Nxd5 27. Nxd5 Bxb2 28.
Rbd3 Kg7 29. f5 Rd6 30. a3 Be5 31. g4 h6 32. Kg2 Rc8 33. Qe3 f6 34. fxg6 Qa2+
35. R1d2 Rc2 36. Qa7+ Kxg6 37. Ne7+ Kg5 38. Qe3+ Bf4 39. h4+ Kxh4 40. Qh3+ Kg5
41. Qh5# 1-0

[Event "53rd Groningen Open 2015"]
[Site "Groningen NED"]
[Date "2015.12.21"]
[Round "1.30"]
[White "Bezemer, Arno"]
[Black "Sand, Rolf"]
[Result "1/2-1/2"]
[WhiteTitle "FM"]
[WhiteElo "2287"]
[BlackElo "2033"]
[WhiteFideId "1001396"]
[BlackFideId "4610334"]
[EventDate "2015.12.21"]

1. e4 c5 2. Nf3 d6 3. d4 cxd4 4. Nxd4 Nf6 5. Nc3 a6 6. h3 e6 7. g4 b5 8. Bg2 Bb7
9. O-O Qc7 10. Re1 Be7 11. a3 O-O 12. Be3 Nc6 13. Nxc6 Bxc6 14. Bd4 Qb7 15. g5
Nd7 16. Qg4 Ne5 17. Qg3 Nc4 18. b3 Nb6 19. Rad1 Rfe8 20. h4 Rac8 21. Qe3 Nd7 22.
Ne2 Bf8 23. Bb2 e5 24. Rd2 a5 25. Nc3 Nb6 26. Bh3 Rc7 27. Red1 b4 28. axb4 axb4
29. Nd5 Nxd5 30. exd5 Bd7 31. Bxd7 Rxd7 1/2-1/2

[Event "53rd Groningen Open 2015"]
[Site "Groningen NED"]
[Date "2015.12.21"]
[Round "1.31"]
[White "Veltman, Anne"]
[Black "Saravanan, V."]
[Result "1/2-1/2"]
[BlackTitle "IM"]
[WhiteElo "2032"]
[BlackElo "2283"]
[WhiteFideId "1026917"]
[BlackFideId "5000580"]
[EventDate "2015.12.21"]

1. e4 c5 2. Nf3 d6 3. d4 cxd4 4. Nxd4 Nf6 5. Nc3 a6 6. Bg5 e6 7. f4 Qc7 8. Qf3
b5 9. Bxf6 gxf6 10. e5 fxe5 11. fxe5 dxe5 12. Ndxb5 Qb7 13. Qxb7 Bxb7 14. Nc7+
Ke7 15. Nxa8 Bxa8 16. Rg1 f5 17. g4 Rg8 18. Bc4 Bh6 19. Ke2 Rc8 20. b3 Nc6 21.
g5 Bg7 22. Na4 Nd4+ 23. Kf2 Bb7 24. c3 Nb5 25. Rad1 Nd6 26. Rd3 e4 27. Rh3 f4
28. Rxh7 Nf5 29. Rd1 f3 30. Re1 Kd6 31. Rh3 Bc6 32. Bxe6 Kxe6 33. Nc5+ Ke5 34.
Rxf3 e3+ 35. Rexe3+ Nxe3 36. Rxe3+ Kd6 37. b4 Bd5 38. a4 Rf8+ 39. Kg3 Be5+ 40.
Kg4 Rf4+ 41. Kh5 Bf7+ 1/2-1/2

[Event "53rd Groningen Open 2015"]
[Site "Groningen NED"]
[Date "2015.12.21"]
[Round "1.32"]
[White "Von Meijenfeldt, Bart"]
[Black "Elgersma, Simon"]
[Result "1-0"]
[WhiteTitle "FM"]
[WhiteElo "2283"]
[BlackElo "2017"]
[WhiteFideId "1032259"]
[BlackFideId "1046101"]
[EventDate "2015.12.21"]

1. c4 Nf6 2. Nf3 g6 3. g3 Bg7 4. Bg2 O-O 5. O-O d6 6. Nc3 Nc6 7. d4 a6 8. Qd3
Bf5 9. e4 Bg4 10. Be3 Bxf3 11. Bxf3 Nd7 12. Bg2 e5 13. dxe5 dxe5 14. Rad1 Nd4
15. Ne2 Nc5 16. Qd2 Nxe2+ 17. Qxe2 Qe7 18. Bxc5 Qxc5 19. Rd7 Rad8 20. Rfd1 Bf6
21. R1d5 Qc6 22. Qd3 Rxd7 23. Rxd7 Qb6 24. b3 Qa5 25. a4 Qc5 26. Bh3 Qc6 27. Qd5
Qb6 28. c5 Qb4 29. Rxc7 Kg7 30. Rxb7 Qe1+ 31. Bf1 h5 32. h4 Qc1 33. c6 Kg8 34.
Qc4 Qxc4 35. Bxc4 Rc8 36. Rxf7 1-0

[Event "53rd Groningen Open 2015"]
[Site "Groningen NED"]
[Date "2015.12.21"]
[Round "1.33"]
[White "Hilwerda, Jonas"]
[Black "Afek, Yochanan"]
[Result "0-1"]
[BlackTitle "IM"]
[WhiteElo "2012"]
[BlackElo "2267"]
[WhiteFideId "1046713"]
[BlackFideId "2800462"]
[EventDate "2015.12.21"]

1. e4 c5 2. Nf3 Nc6 3. Nc3 g6 4. h4 h5 5. Bc4 Bg7 6. d3 d6 7. Ng5 e6 8. f4 Nf6
9. f5 gxf5 10. exf5 d5 11. fxe6 dxc4 12. Nxf7 Qc7 13. Nxh8 Qe5+ 14. Qe2 Qxe2+
15. Nxe2 Bxh8 16. O-O cxd3 17. Nf4 Nd4 18. Ng6 Bg7 19. Bh6 Ne2+ 20. Kh1 Ng3+ 21.
Kg1 Nxf1 22. Bxg7 Ne3 23. Bxf6 d2 24. g4 Bxe6 25. gxh5 d1=Q+ 26. Rxd1 Nxd1 0-1

[Event "53rd Groningen Open 2015"]
[Site "Groningen NED"]
[Date "2015.12.21"]
[Round "1.34"]
[White "Maatman, Nick"]
[Black "Van Baar, Esper"]
[Result "1-0"]
[WhiteElo "2258"]
[BlackElo "2002"]
[WhiteFideId "1040391"]
[BlackFideId "1049321"]
[EventDate "2015.12.21"]

1. d4 Nf6 2. Nf3 g6 3. c4 Bg7 4. Nc3 d6 5. e4 O-O 6. Be2 e5 7. O-O Nc6 8. d5 Ne7
9. Ne1 Nd7 10. Be3 f5 11. f3 f4 12. Bf2 g5 13. Nd3 a6 14. c5 Rf6 15. c6 bxc6 16.
dxc6 Nxc6 17. Nd5 Rh6 18. Rc1 Nd4 19. Nxc7 Ra7 20. Nd5 1-0

[Event "53rd Groningen Open 2015"]
[Site "Groningen NED"]
[Date "2015.12.21"]
[Round "1.35"]
[White "Chaurette, Laurent"]
[Black "Ypma, Peter"]
[Result "0-1"]
[WhiteElo "1987"]
[BlackElo "2228"]
[WhiteFideId "2623323"]
[BlackFideId "1027255"]
[EventDate "2015.12.21"]

1. d4 g6 2. Nf3 Bg7 3. e4 d6 4. Bd3 c5 5. dxc5 Qa5+ 6. Bd2 Qxc5 7. Bc3 Nf6 8.
O-O O-O 9. h3 Nc6 10. Nbd2 e5 11. Re1 b5 12. a4 b4 13. Nb3 Qb6 14. Bd2 a5 15.
Bb5 Bb7 16. Bg5 Na7 17. Bxf6 Bxf6 18. Bd3 d5 19. exd5 Bxd5 20. Be4 Bxe4 21. Rxe4
Rfd8 22. Qe2 Nc6 23. Qb5 Rab8 24. Qxb6 Rxb6 25. Nbd2 Nd4 26. Rc1 Nxf3+ 27. Nxf3
Rd5 28. c3 bxc3 29. bxc3 Rc5 30. Kf1 Bg7 31. Nd2 Bh6 32. Rc2 Bxd2 33. Rxd2 Rb3
34. Rc2 Ra3 35. Rce2 Rcxc3 36. Rxe5 Rc1+ 37. Re1 Rxe1+ 38. Kxe1 Rxa4 39. Re8+
Kg7 40. Ra8 g5 41. g3 h5 42. Kf1 Ra1+ 43. Kg2 a4 44. Ra6 a3 45. Ra5 f6 46. Ra6
Kf7 47. f4 g4 48. hxg4 hxg4 49. Kh2 Ke7 50. f5 Kd7 51. Ra4 Ra2+ 52. Kg1 Kd6 53.
Kf1 Ke5 54. Ke1 Ra1+ 55. Kd2 a2 0-1

[Event "53rd Groningen Open 2015"]
[Site "Groningen NED"]
[Date "2015.12.21"]
[Round "1.36"]
[White "Den Hartog, Marijn"]
[Black "Drozdowski, Konrad"]
[Result "0-1"]
[WhiteElo "2197"]
[BlackElo "1987"]
[WhiteFideId "1046098"]
[BlackFideId "1106279"]
[EventDate "2015.12.21"]

1. e4 c5 2. Nc3 e6 3. Nf3 a6 4. g3 Nc6 5. d4 cxd4 6. Nxd4 Nf6 7. Bg2 Be7 8. O-O
Qc7 9. a4 d6 10. Re1 O-O 11. Be3 Ne5 12. Qe2 Bd7 13. Nf3 Nc4 14. Bc1 Rac8 15. b3
Ne5 16. Bb2 Nxf3+ 17. Qxf3 Ne8 18. Re2 Bf6 19. Nd1 Bc6 20. Qd3 Bxb2 21. Nxb2 Nf6
22. Rd1 d5 23. exd5 Bxd5 24. Bxd5 Nxd5 25. c4 Nf6 26. Red2 Qc6 27. Qe3 Qc7 28.
Qd4 Qa5 29. Rd3 h6 30. Qd6 Ne4 31. Qa3 Qf5 32. f4 Nc5 33. R3d2 Ne4 34. Rd7 Nc5
35. R7d4 Qc2 36. b4 Ne4 37. Rf1 Rfd8 38. Qe3 Qxb2 39. Rxd8+ Rxd8 40. Qxe4 Qxb4
41. f5 exf5 42. Rxf5 Qxa4 43. Qxb7 Qxc4 44. Rf2 a5 0-1

[Event "53rd Groningen Open 2015"]
[Site "Groningen NED"]
[Date "2015.12.21"]
[Round "1.37"]
[White "Kokje, Joris"]
[Black "Al-Hajiri, Bader"]
[Result "1-0"]
[BlackTitle "CM"]
[WhiteElo "1975"]
[BlackElo "2183"]
[WhiteFideId "1051024"]
[BlackFideId "10300163"]
[EventDate "2015.12.21"]

1. d4 d5 2. c4 c6 3. Nf3 Nf6 4. g3 Bf5 5. Bg2 e6 6. O-O Nbd7 7. Nc3 dxc4 8. a4
a5 9. Bf4 Nd5 10. Rc1 Bb4 11. Ne5 Nxe5 12. Bxe5 f6 13. e4 Nxc3 14. bxc3 Ba3 15.
Rb1 Bg6 16. Bf4 Qd7 17. Qe2 b5 18. d5 e5 19. dxc6 Qe6 20. axb5 exf4 21. b6 O-O-O
22. Qa2 Bc5 23. Qxa5 Qxc6 24. e5 f3 25. Bxf3 Qxf3 26. Qxc5+ Kd7 27. exf6 Be4 28.
Qe7+ Kc6 29. Qc7+ Kd5 30. Rb5+ 1-0

[Event "53rd Groningen Open 2015"]
[Site "Groningen NED"]
[Date "2015.12.22"]
[Round "2.1"]
[White "Van Foreest, Jorden"]
[Black "Liu, Yi"]
[Result "1-0"]
[WhiteTitle "IM"]
[BlackTitle "FM"]
[WhiteElo "2547"]
[BlackElo "2306"]
[WhiteFideId "1039784"]
[BlackFideId "3210588"]
[EventDate "2015.12.21"]

1. d4 e6 2. Nf3 f5 3. g3 Nf6 4. Bg2 Be7 5. c4 O-O 6. O-O d6 7. Nc3 Nc6 8. d5 Ne5
9. Nd4 Nxc4 10. Nxe6 Bxe6 11. dxe6 c6 12. Qd3 d5 13. Qxf5 Bc5 14. Bg5 Qe8 15.
Qc2 Qxe6 16. b3 Nd6 17. Na4 Bb6 18. Nxb6 axb6 19. Be3 b5 20. Bd4 Rae8 21. Rfe1
Nfe4 22. f3 Ng5 23. Bc5 Rf6 24. Rad1 Nf5 25. e4 Nh6 26. Re3 dxe4 27. f4 Nh3+ 28.
Kh1 Qf5 29. Rxe4 Rfe6 30. Rxe6 Qxe6 31. Qd3 Qg4 32. Qf1 Qh5 33. Bb6 1-0

[Event "53rd Groningen Open 2015"]
[Site "Groningen NED"]
[Date "2015.12.22"]
[Round "2.2"]
[White "Wacker, Peter"]
[Black "Werle, Jan"]
[Result "0-1"]
[WhiteTitle "FM"]
[BlackTitle "GM"]
[WhiteElo "2335"]
[BlackElo "2542"]
[WhiteFideId "4615751"]
[BlackFideId "1006088"]
[EventDate "2015.12.21"]

1. e4 e6 2. d4 d5 3. Nd2 Be7 4. Ngf3 Nf6 5. Bd3 c5 6. dxc5 dxe4 7. Nxe4 Nxe4 8.
Bxe4 Qxd1+ 9. Kxd1 Bxc5 10. Ke2 Nd7 11. Be3 Bxe3 12. Kxe3 Nc5 13. Nd2 Nxe4 14.
Nxe4 Bd7 15. Rhd1 Bc6 16. f4 Ke7 17. Rd2 h6 18. h4 f5 19. Nf2 g5 20. Nd3 gxh4
21. Ne5 Rhg8 22. Rh1 Rg3+ 23. Nf3 Rag8 24. Rxh4 Rxg2 25. Rxg2 Rxg2 26. Ne5 Rxc2
27. Rxh6 Bd5 28. Rh7+ Kd8 29. Kd4 a5 30. a3 a4 31. Nd3 Kc8 32. Nb4 Rd2+ 33. Ke5
Bb3 34. Rh3 Rxb2 35. Kd6 Kb8 36. Kc5 Rd2 37. Kb6 Rd6+ 38. Kc5 Kc7 39. Rh7+ Rd7
40. Rh3 b6+ 41. Kb5 Kb7 42. Rd3 Rc7 0-1

[Event "53rd Groningen Open 2015"]
[Site "Groningen NED"]
[Date "2015.12.22"]
[Round "2.3"]
[White "Boruchovsky, Avital"]
[Black "Chen, Pengyu"]
[Result "1-0"]
[WhiteTitle "GM"]
[BlackTitle "FM"]
[WhiteElo "2540"]
[BlackElo "2289"]
[WhiteFideId "2800055"]
[BlackFideId "3212092"]
[EventDate "2015.12.21"]

1. d4 Nf6 2. c4 e6 3. Nf3 Bb4+ 4. Bd2 a5 5. g3 d6 6. Bg2 Nbd7 7. O-O e5 8. Be3
exd4 9. Bxd4 O-O 10. Nc3 c6 11. Qc2 Qe7 12. Na4 Re8 13. e3 Ne4 14. Nh4 Ndf6 15.
Nb6 Rb8 16. Nxc8 Rbxc8 17. Nf5 Qe6 18. Bxe4 Qxe4 19. Qxe4 Nxe4 20. Bxg7 f6 21.
Bh6 Nd2 22. Rfc1 Kf7 23. Bf4 Nf3+ 24. Kg2 Ne5 25. a3 Bc5 26. b4 axb4 27. axb4
Bxb4 28. Ra7 Rc7 29. Rb1 Bc5 30. Rbxb7 Rxb7 31. Rxb7+ Kg8 32. Bxe5 Rxe5 33. Ne7+
Kh8 34. Nxc6 Re4 35. Ne7 Rxc4 36. Nd5 1-0

[Event "53rd Groningen Open 2015"]
[Site "Groningen NED"]
[Date "2015.12.22"]
[Round "2.4"]
[White "Kasparov, Sergey"]
[Black "Von Meijenfeldt, Bart"]
[Result "1-0"]
[WhiteTitle "GM"]
[BlackTitle "FM"]
[WhiteElo "2485"]
[BlackElo "2283"]
[WhiteFideId "13500481"]
[BlackFideId "1032259"]
[EventDate "2015.12.21"]

1. e4 c5 2. Nf3 d6 3. d4 cxd4 4. Nxd4 Nf6 5. f3 e5 6. Nb3 d5 7. Bg5 Be6 8. Bxf6
gxf6 9. exd5 Qxd5 10. Qxd5 Bxd5 11. Nc3 Be6 12. O-O-O Nc6 13. Bb5 a6 14. Bxc6+
bxc6 15. Na5 Bb4 16. Nxc6 Bxc3 17. bxc3 Bxa2 18. Rd6 Be6 19. Rf1 a5 20. Kb2 a4
21. Ka3 O-O 22. f4 Kg7 23. fxe5 fxe5 24. Nxe5 Rfc8 25. Rd3 Ra5 26. Nd7 Rg5 27.
Rf2 Rc7 28. Nf6 Rb7 29. Rd8 Kh6 30. Rd4 Rb1 31. c4 Ra1+ 32. Kb2 Rh1 33. Rh4+ Kg7
34. Ne8+ Kg8 35. Nc7 a3+ 36. Ka2 Bf5 37. Nd5 Kg7 38. g3 Rc1 39. Rhf4 Rxc2+ 40.
Rxc2 Bxc2 41. Kxa3 Re5 42. Rf2 Bd3 43. Kb4 Re4 44. Nb6 h5 45. Kc3 Be2 46. Rf4
Rxf4 47. gxf4 Kf6 48. Kd2 Bf1 49. Ke3 h4 50. Kf3 Ke6 51. Kg4 Kd6 52. Kxh4 Kc6
53. Nd5 Bxc4 54. Ne3 Be2 55. Kg5 1-0

[Event "53rd Groningen Open 2015"]
[Site "Groningen NED"]
[Date "2015.12.22"]
[Round "2.5"]
[White "Beerdsen, Thomas"]
[Black "Shyam, Sundar M."]
[Result "0-1"]
[WhiteTitle "FM"]
[BlackTitle "GM"]
[WhiteElo "2323"]
[BlackElo "2485"]
[WhiteFideId "1030108"]
[BlackFideId "5019141"]
[EventDate "2015.12.21"]

1. e4 c5 2. Nf3 d6 3. d4 cxd4 4. Nxd4 Nf6 5. Nc3 a6 6. Be2 e5 7. Nb3 Be7 8. O-O
O-O 9. Be3 Be6 10. Kh1 Nbd7 11. f4 Rc8 12. f5 Bc4 13. Bxc4 Rxc4 14. Qd3 Qc7 15.
Nd2 Rc6 16. Bg5 Re8 17. Rac1 Rc8 18. Rce1 Bf8 19. Qh3 b5 20. a3 Qb7 21. Re3 b4
22. axb4 Qxb4 23. Nb3 Rc4 24. Rg3 Rxe4 25. Nxe4 Nxe4 26. Rg4 Nf2+ 0-1

[Event "53rd Groningen Open 2015"]
[Site "Groningen NED"]
[Date "2015.12.22"]
[Round "2.6"]
[White "Schoppen, Casper"]
[Black "Petrov, Nikita"]
[Result "0-1"]
[BlackTitle "IM"]
[WhiteElo "2305"]
[BlackElo "2456"]
[WhiteFideId "1046730"]
[BlackFideId "4101286"]
[EventDate "2015.12.21"]

1. d4 Nf6 2. c4 c6 3. Nf3 d5 4. Nc3 dxc4 5. e4 b5 6. e5 Nd5 7. a4 e6 8. axb5
Nxc3 9. bxc3 cxb5 10. Ng5 Bb7 11. Qh5 g6 12. Qg4 Be7 13. Be2 Bd5 14. h4 h5 15.
Qg3 Nc6 16. O-O b4 17. Qf4 Bxg5 18. hxg5 a5 19. Bd1 Ne7 20. Qd2 Rb8 21. Qa2 O-O
22. Bd2 Nc6 23. Qc2 Qb6 24. Qc1 Rfc8 25. Rb1 Be4 26. Bc2 Bxc2 27. Qxc2 Qb5 28.
Qe4 Qd5 29. Qf4 a4 30. g4 hxg4 31. f3 bxc3 32. Rxb8 Rxb8 33. Bxc3 Rb3 34. fxg4
Nd8 35. Rf3 Rb1+ 36. Kf2 Rh1 37. Bb4 Qb7 38. Qf6 Qxb4 39. Qxd8+ Qf8 40. Qa5 Rh2+
41. Kg3 Ra2 42. Qc5 a3 43. Qxc4 Rd2 44. Qa4 a2 45. Qa7 Qe8 46. Ra3 Qb5 47. Rf3
Qe8 48. Ra3 a1=Q 49. Rxa1 Qb5 50. Ra3 Qf1 51. Qa8+ Kg7 52. Qf3 Qg1+ 0-1

[Event "53rd Groningen Open 2015"]
[Site "Groningen NED"]
[Date "2015.12.22"]
[Round "2.7"]
[White "Golubov, Saveliy"]
[Black "Maatman, Nick"]
[Result "1-0"]
[WhiteTitle "IM"]
[WhiteElo "2452"]
[BlackElo "2258"]
[WhiteFideId "24176729"]
[BlackFideId "1040391"]
[EventDate "2015.12.21"]

1. e4 e6 2. d4 d5 3. Nc3 Bb4 4. e5 Ne7 5. a3 Bxc3+ 6. bxc3 c5 7. h4 Nbc6 8. h5
Qa5 9. Bd2 cxd4 10. cxd4 Qa4 11. Bc3 b6 12. h6 gxh6 13. Bd3 Ba6 14. Ne2 Kd7 15.
g4 Rag8 16. f3 Rg7 17. Qd2 Bxd3 18. cxd3 Rc8 19. Qxh6 Rg6 20. Qf4 Qc2 21. Rxh7
Qxd3 22. Qxf7 Rgg8 23. Qxe6+ Kd8 24. Rh3 Rf8 25. Qd6+ Ke8 26. Rd1 Qc2 27. Rd2
Qb1+ 28. Kf2 Qe4 29. Kg2 Qe3 30. Qh6 1-0

[Event "53rd Groningen Open 2015"]
[Site "Groningen NED"]
[Date "2015.12.22"]
[Round "2.9"]
[White "Soors, Stef"]
[Black "Gerlagh, Joris"]
[Result "1/2-1/2"]
[WhiteTitle "IM"]
[WhiteElo "2398"]
[BlackElo "2159"]
[WhiteFideId "209511"]
[BlackFideId "1038834"]
[EventDate "2015.12.21"]

1. e4 c5 2. Nf3 e6 3. c3 d5 4. exd5 exd5 5. d4 Nc6 6. Bb5 Bd6 7. dxc5 Bxc5 8.
O-O Ne7 9. Nbd2 O-O 10. Nb3 Bb6 11. Re1 Nf5 12. Bd3 h6 13. Bc2 Be6 14. Qd3 Qf6
15. Be3 Bxe3 16. Rxe3 Rfe8 17. Re2 Rad8 18. Rd1 g6 19. h3 Kg7 20. Nbd4 Bd7 21.
Rxe8 Rxe8 22. Ba4 Nfxd4 23. Nxd4 Nb4 24. cxb4 Bxa4 25. b3 Bd7 26. Nf3 Bf5 27.
Qxd5 Be4 28. Qd4 Bxf3 29. Qxf6+ Kxf6 30. gxf3 Re2 31. a4 Ke7 32. Rd5 Rb2 33. Rb5
b6 34. a5 Rxb3 35. axb6 axb6 36. Kg2 Kf8 37. Rxb6 Kg7 38. h4 Rb1 39. Rb7 Kf6 40.
b5 Kg7 41. f4 Rb3 42. b6 Kf6 43. Kf1 Rb2 44. Kg2 Rb3 45. f3 Rb4 46. Kg3 Rb2 47.
Kg4 Rg2+ 48. Kh3 Rb2 49. Kg4 Rg2+ 50. Kh3 Rf2 51. Kg3 Rb2 52. Rb8 Kf5 53. Rb7
Kf6 54. Rb8 Kf5 55. h5 gxh5 56. Rb7 f6 57. Rb8 h4+ 58. Kxh4 Kxf4 59. Kh5 f5 60.
Kxh6 Kxf3 61. Kg5 f4 62. Rf8 Rxb6 1/2-1/2

[Event "53rd Groningen Open 2015"]
[Site "Groningen NED"]
[Date "2015.12.22"]
[Round "2.10"]
[White "Afek, Yochanan"]
[Black "Kerigan, Demre"]
[Result "0-1"]
[WhiteTitle "IM"]
[BlackTitle "IM"]
[WhiteElo "2267"]
[BlackElo "2374"]
[WhiteFideId "2800462"]
[BlackFideId "6307841"]
[EventDate "2015.12.21"]

1. e4 d6 2. d4 Nf6 3. Nc3 c6 4. Bd3 e5 5. Nf3 Bg4 6. dxe5 dxe5 7. h3 Bxf3 8.
Qxf3 Nbd7 9. O-O Be7 10. Be3 O-O 11. Rad1 b5 12. g4 Qc8 13. Ne2 Ne8 14. Ng3 g6
15. Kg2 Nc5 16. Rh1 Ne6 17. h4 N8g7 18. Kf1 Qc7 19. Nf5 Rad8 20. Nh6+ Kh8 21. h5
Ng5 22. Qg2 N7e6 23. f3 c5 24. c3 c4 25. Bc2 Rxd1+ 26. Bxd1 Bc5 27. Qf2 Bxe3 28.
Qxe3 Qc5 29. Kf2 Qxe3+ 30. Kxe3 Kg7 31. hxg6 hxg6 32. a4 a6 33. axb5 axb5 34.
Nf5+ gxf5 35. exf5 Nf4 36. Bc2 Rd8 37. Rd1 Rxd1 38. Bxd1 Nd5+ 39. Kd2 Kf6 40. b3
e4 41. bxc4 bxc4 42. fxe4 Nxe4+ 0-1

[Event "53rd Groningen Open 2015"]
[Site "Groningen NED"]
[Date "2015.12.22"]
[Round "2.11"]
[White "Brink, Barry"]
[Black "Bianco, Valerio"]
[Result "1-0"]
[WhiteElo "2360"]
[BlackElo "2035"]
[WhiteFideId "1009451"]
[BlackFideId "800600"]
[EventDate "2015.12.21"]

1. d4 Nf6 2. c4 c5 3. d5 g6 4. Nc3 d6 5. e4 Bg7 6. h3 O-O 7. Nf3 e6 8. Bd3 Na6
9. O-O e5 10. Re1 Nh5 11. Bf1 Nc7 12. a3 Bd7 13. b4 Na6 14. Rb1 b6 15. Bd2 h6
16. g3 Kh7 17. Nh2 f5 18. exf5 Bxf5 19. Rb3 Nf6 20. Ng4 Qd7 21. Nxf6+ Bxf6 22.
g4 Bh4 23. Be3 Qg7 24. Bg2 Bc8 25. Ne4 Be7 26. Rf1 Nb8 27. bxc5 bxc5 28. Nxc5
Na6 29. Ne4 Rb8 30. Bxa7 Rxb3 31. Qxb3 1-0

[Event "53rd Groningen Open 2015"]
[Site "Groningen NED"]
[Date "2015.12.22"]
[Round "2.12"]
[White "Ypma, Peter"]
[Black "Berkovich, Mark A"]
[Result "1/2-1/2"]
[BlackTitle "IM"]
[WhiteElo "2228"]
[BlackElo "2353"]
[WhiteFideId "1027255"]
[BlackFideId "2801639"]
[EventDate "2015.12.21"]

1. e4 e5 2. Nf3 Nc6 3. Bb5 a6 4. Ba4 Nge7 5. c3 g6 6. d4 exd4 7. cxd4 Bg7 8. d5
Na5 9. O-O O-O 10. Nbd2 d6 11. Rb1 b5 12. Bc2 c5 13. b4 cxb4 14. Rxb4 Qc7 15.
Bb2 Bxb2 16. Rxb2 Qc3 17. Qb1 Bg4 18. a4 Nc4 19. Nxc4 bxc4 20. Bd1 Bxf3 21. Bxf3
Qf6 22. Bg4 c3 23. Rb3 h5 24. Be2 Rfc8 25. Rc1 Qd4 26. Qd3 Qxa4 27. Rbxc3 Rxc3
28. Rxc3 Qa1+ 29. Bf1 a5 30. Rc7 Qf6 31. Qb5 g5 32. Qb7 Re8 33. Qb5 Ra8 34. Qb7
Re8 35. Qb5 1/2-1/2